What the dog saw and other adventures

Saved in:
Bibliographic Details
Main Author: Gladwell, Malcolm
Format: Book
Language:English
Published: London Penguin Books 2010
Series:Penguin psychology
Subjects:
Tags: Add Tag
No Tags, Be the first to tag this record!

MARC

LEADER 00000nam a2200000 4500
001 0178681
005 20240312120103.3
020 |a 978-0-14104-798-0 
041 0 |a eng 
044 |a GB 
245 1 0 |a What the dog saw  |b and other adventures  |c Malcolm Gladwell 
264 1 |a London  |b Penguin Books  |c 2010 
300 |a 410 s. 
490 1 |a Penguin psychology 
830 0 |a Penguin psychology 
610 2 0 |a spoločnosť 
610 2 0 |a civilizácia 
610 2 0 |a štýl životný 
610 2 0 |a psychológia 
610 2 0 |a kriminalita 
100 1 |a Gladwell, Malcolm